00789cam a22002051 4500001001300000003000400013005001700017008004100034010001700075035001900092040001900111042001200130050002300142110004700165245022100212260002400433300004900457700006000506999001700566ca 09004673 DLC20260227111050.0760921s1904 ohu 000 0 eng  aca 09004673  a(OCoLC)2455383 aDLCcOClWdDLC apremarc00aHD7413.N3bA5 19042 aNational cash register company, Dayton, O.00aNational Cash Register Factory,bDayton, Ohio, U.S.A., as seen by English experts of the Mosely Industrial and Educational Commissions ...ccomp. by Alfred A. Thomas, general counsel and secretary of the corporation. a[Dayton, O.]c1904. a96 p.billus. (incl. ports.) diagrs.c22 cm.1 aThomas, Alfred A.q(Alfred Addison),d1845-1916,ecomp. c14036d14036